00781nam a22002657a 450000500170000001000150001702000260003202000230005802000320008103500130011303500170012603700130014303700170015608200130017324500810018625000120026726000430027927000500032230000390037250000200041165000140043165000220044565000250046770000230049220170808114509.0 aENG-109080 a9781259029646c625.00 a1259029646c625.00 a9781259029646c715.00 (AV) aEN-92613 aB-534859-861 bDBAD/PUB bBSB/Venadpl a620.1054 aVector mechanics for engineers :cby Ferdinand P. Beer...[et al]bdynamics / a10th ed aNew DelhibMcGraw Hill Educationc2014 aP-24, Green Park ExtensionbNew Delhie110016 aVarious pagings :c24cm(pbk)bill. aIncludes index  aDynamics. a Vector analysis. a Mechanics, Applied. aBeer, Ferdinand P.